书目信息 |
| 题名: |
工程项目管理
|
|
| 作者: | 陆惠民 , 苏振民 , 王延树 编 | |
| 分册: | ||
| 出版信息: | 南京 东南大学出版社 2002 |
|
| 页数: | 265页 | |
| 开本: | 24cm | |
| 丛书名: | ||
| 单 册: | ||
| 中图分类: | F224.5 | |
| 科图分类: | ||
| 主题词: | 工程--项目管理--高等学校--教材 , 工程 , 项目管理 | |
| 电子资源: | ||
| ISBN: | 7-81050-872-5 | |
| 000 | 00903nam0 2200301 45 | |
| 001 | 012004000000 | |
| 005 | 20121010162913.64 | |
| 010 | @a7-81050-872-5@dCNY 22.00 | |
| 100 | @a20040920e20042002em y0chiy0121 ea | |
| 101 | 0 | @achi |
| 102 | @aCN@b320000 | |
| 105 | @aak z 000yy | |
| 200 | 1 | @a工程项目管理@Agong cheng xiang mu guan li@f陆惠民, 苏振民, 王延树编 |
| 210 | @a南京@c东南大学出版社@d2002@h2004重印 | |
| 215 | @a265页@c图, 表格@d24cm | |
| 300 | @a工程管理专业系列教材 | |
| 312 | @a封面并列题名: Engneering project management | |
| 320 | @a本书含参考文献 | |
| 510 | 1 | @aEngneering project management@zeng |
| 606 | 0 | @a工程@x项目管理@x高等学校@j教材 |
| 606 | 0 | @a工程 |
| 606 | 0 | @a项目管理 |
| 690 | @aF224.5@v4 | |
| 701 | 0 | @a陆惠民@Alu hui min@4编 |
| 701 | 0 | @a苏振民@Asu zhen min@4编 |
| 701 | 0 | @a王延树@Awang yan shu@4编 |
| 801 | 0 | @aCN@c20081022 |
| 905 | @dF224.5@eL844 | |
| 工程项目管理/陆惠民, 苏振民, 王延树编.-南京:东南大学出版社,2002(2004重印) |
| 265页:图, 表格;24cm |
| 工程管理专业系列教材 |
| ISBN 7-81050-872-5:CNY 22.00 |
| ● |
| 相关链接 |
|
|
|
正题名:工程项目管理
索取号:F224.5/L844
 
预约/预借
| 序号 | 登录号 | 条形码 | 馆藏地/架位号 | 状态 | 备注 |
| 1 | 441794 | 204417942 | 社科二线400B/400B社科库 1排4列5层/ [索取号:F224.5/L844] | 在馆 | |
| 2 | 441795 | 204417951 | 社科库409/409社科库 73排3列3层/ [索取号:F224.5/L844] | 在馆 | |
| 3 | 441796 | 204417960 | 社科二线400B/400B社科库 5排3列1层/ [索取号:F224.5/L844] | 在馆 | |
| 4 | 441797 | 204417979 | 社科库409/409社科库 73排3列3层/ [索取号:F224.5/L844] | 在馆 | |
| 5 | 441798 | 204417988 | 社科二线400B/400B社科库 5排2列1层/ [索取号:F224.5/L844] | 在馆 | |
| 6 | 444310 | 204443101 | 管理学院资料室/ [索取号:F224.5/L844] | 在馆 | |
| 7 | 457491 | 204574914 | 社科二线400B/400B社科库 1排4列5层/ [索取号:F224.5/L844] | 在馆 | |
| 8 | 457492 | 204574923 | 社科二线400B/400B社科库 1排4列5层/ [索取号:F224.5/L844] | 在馆 | |
| 9 | 457493 | 204574932 | 社科二线400B/400B社科库 5排2列1层/ [索取号:F224.5/L844] | 在馆 | |
| 10 | 457494 | 204574941 | 社科二线400B/400B社科库 5排3列1层/ [索取号:F224.5/L844] | 在馆 | |
| 11 | 457495 | 204574950 | 社科二线400B/400B社科库 5排2列1层/ [索取号:F224.5/L844] | 在馆 | |
| 12 | 457496 | 204574969 | 社科二线400B/400B社科库 5排2列1层/ [索取号:F224.5/L844] | 在馆 | |
| 13 | 457497 | 204574978 | 社科二线400B/400B社科库 5排2列1层/ [索取号:F224.5/L844] | 在馆 | |
| 14 | 457498 | 204574987 | 社科二线400B/400B社科库 5排2列1层/ [索取号:F224.5/L844] | 在馆 | |
| 15 | 457499 | 204574996 | 社科库409/409社科库 73排3列3层/ [索取号:F224.5/L844] | 在馆 | |
| 16 | 457500 | 204575003 | 社科二线400B/400B社科库 1排4列5层/ [索取号:F224.5/L844] | 在馆 | |
| 17 | 457501 | 204575012 | 社科二线400B/400B社科库 5排3列1层/ [索取号:F224.5/L844] | 在馆 | |
| 18 | 457502 | 204575021 | 社科二线400B/400B社科库 5排3列1层/ [索取号:F224.5/L844] | 在馆 | |
| 19 | 457503 | 204575030 | 社科库409/409社科库 73排3列3层/ [索取号:F224.5/L844] | 在馆 | |
| 20 | 457504 | 204575049 | 社科二线422/409社科库 73排3列3层/ [索取号:F224.5/L844] | 在馆 | |
| 21 | 457505 | 204575058 | 社科二线400B/400B社科库 5排2列1层/ [索取号:F224.5/L844] | 在馆 | |
| 22 | 457506 | 204575067 | 社科二线422/409社科库 73排3列3层/ [索取号:F224.5/L844] | 在馆 | |
| 23 | 457507 | 204575076 | 社科库409/409社科库 32排4列3层/ [索取号:F224.5/L844] | 在馆 | |
| 24 | 457508 | 204575085 | 社科库409/409社科库 73排3列3层/ [索取号:F224.5/L844] | 在馆 | |
| 25 | 457509 | 204575094 | 社科二线422/409社科库 73排3列3层/ [索取号:F224.5/L844] | 在馆 | |
| 26 | 457510 | 204575101 | 社科二线422/409社科库 73排3列3层/ [索取号:F224.5/L844] | 在馆 | |
| 27 | 457511 | 204575110 | 社科库409/409社科库 73排3列3层/ [索取号:F224.5/L844] | 在馆 | |
| 28 | 457512 | 204575129 | 社科库409/409社科库 73排3列3层/ [索取号:F224.5/L844] | 在馆 | |
| 29 | 457513 | 204575138 | 社科库409/409社科库 73排3列3层/ [索取号:F224.5/L844] | 在馆 | |
| 30 | 457514 | 204575147 | 社科二线400B/400B社科库 1排4列5层/ [索取号:F224.5/L844] | 在馆 | |
| 31 | 457515 | 204575156 | 社科库409/409社科库 73排3列3层/ [索取号:F224.5/L844] | 在馆 | |
| 32 | 457516 | 204575165 | 社科库409/409社科库 73排3列3层/ [索取号:F224.5/L844] | 在馆 | |
| 33 | 457517 | 204575174 | 社科库409/409社科库 73排3列3层/ [索取号:F224.5/L844] | 在馆 | |
| 34 | 457518 | 204575183 | 社科二线400B/400B社科库 5排2列1层/ [索取号:F224.5/L844] | 在馆 | |
| 35 | 457519 | 204575192 | 社科库409/409社科库 73排3列3层/ [索取号:F224.5/L844] | 在馆 | |
| 36 | 457520 | 204575209 | 社科二线400B/400B社科库 32排3列5层/ [索取号:F224.5/L844] | 在馆 | |
| 37 | 487490 | 204874902 | 社科库409/422社科库 38排4列3层/ [索取号:F224.5/L844] | 在馆 |